00562 2200205 4500001002100000005001500021035002000036007000300056008004100059020002200100082001000122084001600132100002100148245007300169250001000242260003900252300002600291504002500317600001400342INLIS00000000000398620190821085815 a0010-0819000129ta190821 g 0 ind  a978-602-313-028-3 a306.6 a306.6 HAR s0 aHARYANTO,Sindung1 aSosiologi Agama :bdari Klasik Hingga Postmodern /cSindung Haryanto aCet.2 aYOGYAKARTA :bAr-Ruzz Media,c2016 a320 hlm ;c17 x 24 cm aBIBLIOGRAFI: hlm 281 4aSOSIOLOGI